01446cam a22003011 450000100060000000300080000600500170001400800410003103500190007203500190009104000390011004100080014908200210015724503370017826000600051530000360057550000940061150400290070565000190073465000380075371000470079171000600083871000380089871000460093694200120098299900170099495201330101112999BD-RjUL20211208235404.0140130s1946 nyua b 000 0 eng  a(BD-RjUL)13049 a(OCoLC)1670898 aDLCcFMUdOCoLCdDLCdBD-RjULbeng aeng a620.19bRUB 194600aRubber in engineering :bprepared under the direction of the controller of chemical research of the Ministry of supply and the directors of scientific research of the Ministry of aircraft production and the Admiralty on the basis of research carried out by the Imperial chemical industries, ltd.cGreat Britain ; Ministry of Supply. aBrooklyn, N.Y. :bChemical publishing co., inc.,c1946. axviii, 267 p. :bill. ;c22 cm. a"Reprinted by permission of the controller of his Britannic Majesty's Stationery office." aIncludes bibliographies. 0aRubber.940517 0aRubber industry and trade.9127791 aGreat Britain.bMinistry of Supply.9315771 aGreat Britain.bMinistry of Aircraft Production.9405181 aGreat Britain.bAdmiralty.9405192 aImperial Chemical Industries, ltd.940520 2ddccBK c12999d12999 00102ddc40718NFICaRUCLbRUCLcReadingd1958-02-24eUSISg0.00l0o620.19 RUB 1946r2014-01-30 00:00:00tC-1w2014-01-30yBK